|
|
|
|
| LEADER |
00000nam a2200000 a 4500 |
| 001 |
vtls001440012 |
| 003 |
SK-MaSNL |
| 005 |
20260301013525.0 |
| 008 |
240314s2002 xo gr 000 yyslo |
| 020 |
|
|
|a 8022514713
|
| 035 |
|
|
|a SNK000395174
|
| 035 |
|
|
|a urn:nbn:sk:snk-amyazn
|
| 035 |
|
|
|a urn:nbn:sk:snk-am00c7s2
|
| 035 |
|
|
|a 7D081369-6905-4516-BD3A-D844C85F5942
|
| 040 |
|
|
|a SNK
|b slo
|c SNK
|e AACR2
|
| 041 |
0 |
|
|a slo
|
| 044 |
|
|
|a xo
|c SK
|
| 072 |
|
7 |
|a 364-1/-7
|x Druhy sociálnej pomoci a služieb
|2 konspekt
|
| 080 |
|
|
|a 364-78
|2 1981
|
| 080 |
|
|
|a 364-787
|2 1981
|
| 080 |
|
|
|a (075.8)
|2 1981
|
| 100 |
1 |
|
|a Dudová, Iveta
|4 aut
|9 8739
|
| 245 |
1 |
0 |
|a Systém sociálnej práce
|c Iveta Dudová
|
| 250 |
|
|
|a 1. vyd.
|
| 260 |
|
|
|a Bratislava
|b Ekonóm
|c 2002
|
| 300 |
|
|
|a 183 s.
|b tab.
|c 29 cm
|
| 500 |
|
|
|a 150 výt.
|
| 504 |
|
|
|a Bibliogr. s. 167-168
|
| 650 |
0 |
7 |
|a sociálna práca
|2 SNKPH
|9 1550
|
| 650 |
0 |
7 |
|a sociálna pomoc
|2 SNKPH
|9 3736
|
| 655 |
|
7 |
|a učebnice vysokých škôl
|2 SNKPH
|9 70191
|
| 919 |
|
|
|a 80-225-1471-3
|
| 968 |
|
|
|d 36
|
| 999 |
|
|
|c 556313
|d 558243
|
| 952 |
|
|
|t P60, <03>, [BOOK], {603}
|a SNK
|b SNK
|y PREZ
|7 0
|p 17A0356219
|o snkSB 65505
|i snkKSP 10984/2002
|0 0
|1 0
|4 0
|d 2002-09-09
|f 1
|l 0
|r 2017-06-30 00:00:00
|w 2026-02-23
|
| 952 |
|
|
|t P60, <04>, [BOOK], {604}
|a SNK
|b SNK
|y VYP
|7 0
|p 17A0356220
|o snkSB 65505 D1
|i snkKSP 10985/2002
|0 0
|1 0
|4 0
|d 2002-09-09
|l 0
|r 2005-01-02 00:00:00
|w 2026-02-23
|